000 00592nam a2200229Ia 4500
003 OSt
005 20220928144951.0
006 a|||||r|||| 00| 0
007 ta
008 220927b |||||||| |||| 00| 0 eng d
024 _a77518
037 _cTextual
040 _aSDCL
_cSDCL
_beng
041 _2eng
_aeng
082 _aG116:f3, P2
100 _aDemuro Marillena Aquino
_9510713
245 0 _aGene probles.
260 _c2002
700 _a Rapley Relph
_9510714
942 _hG116:f3, P2
_cTEXL
_2CC
999 _c830846
_d830846